00924nam a2200277 i 450000500170000000800410001702000180005804000350007604100080011108200170011910000380013624500670017425000220024126400260026330000310028933600270032033700330034733800280038050000210040850400410042965000530047065000490052365000470057294200120061999900150063120220317000214.0290320s2007 ck 0 0 gr d s spa d a9789583506109 aCO-BoRNBPbspacCO-BoRNBPerda0 aspa04a346.07bL66i1 aLópez Guzmán, Fabiáneautor10aIntroducción al derecho mercantilcFabián López Guzmán aPrimera edición 1aBogotábTemisc2007 axiii, 554 páginasc24 cm atextobtxt2rdacontent asin mediaciónbn2rdamedia avolumenbnc2rdacarrier aIncluye índice aIncluye referencias bibliográficas17aDerecho comercialxLegislaciónzColombia2LEMB17aDerecho civilxLegislaciónzColombia2LEMB17aGarantias constitucionaleszColombia2LEMB 2ddccBK c3391d3391